The Golden children's Bible : (Record no. 1094)
[ view plain ]
| 000 -LEADER | |
|---|---|
| fixed length control field | 00627nam a2200217 a 4500 |
| 005 - DATE AND TIME OF LATEST TRANSACTION | |
| control field | 20260322212046.0 |
| 008 - FIXED-LENGTH DATA ELEMENTS--GENERAL INFORMATION | |
| fixed length control field | data |
| 010 ## - LIBRARY OF CONGRESS CONTROL NUMBER | |
| LC control number | 94148082 |
| 020 ## - INTERNATIONAL STANDARD BOOK NUMBER | |
| International Standard Book Number | 0307165205 |
| 020 ## - INTERNATIONAL STANDARD BOOK NUMBER | |
| International Standard Book Number | 9780307165206 |
| 040 ## - CATALOGING SOURCE | |
| Original cataloging agency | DLC |
| Transcribing agency | DLC |
| 050 00 - LIBRARY OF CONGRESS CALL NUMBER | |
| Classification number | BS551.2 |
| Item number | .C46 1993 |
| 082 00 - DEWEY DECIMAL CLASSIFICATION NUMBER | |
| Classification number | 220.9/505 |
| Edition information | 20 |
| 092 ## - LOCALLY ASSIGNED DEWEY CALL NUMBER (OCLC) | |
| Classification number | 220.95 C46 1993 |
| 001 - CONTROL NUMBER | |
| control field | data |
| 130 0# - MAIN ENTRY--UNIFORM TITLE | |
| Uniform title | Children's Bible. |
| 245 14 - TITLE STATEMENT | |
| Title | The Golden children's Bible : |
| Remainder of title | the Old Testament and the New Testament. |
| 260 ## - PUBLICATION, DISTRIBUTION, ETC. | |
| Place of publication, distribution, etc. | Racine, Wisc. : |
| Name of publisher, distributor, etc. | Western Pub. Co., |
| Place of publication, distribution, etc. | Racine, Wisc. : |
| Name of publisher, distributor, etc. | Western Pub. Co., |
| Date of publication, distribution, etc. | c1993. |
| 300 ## - PHYSICAL DESCRIPTION | |
| Extent | 510 p. : |
| Other physical details | col. ill. ; |
| Dimensions | 27 cm. |
| 650 #0 - SUBJECT ADDED ENTRY--TOPICAL TERM | |
| Topical term or geographic name entry element | Bible stories, English. |
| Withdrawn status | Lost status | Damaged status | Not for loan | Home library | Current library | Shelving location | Date acquired | Total checkouts | Full call number | Barcode | Date last seen | Price effective from | Koha item type |
|---|---|---|---|---|---|---|---|---|---|---|---|---|---|
| Institut Protestant de Théologie | Institut Protestant de Théologie | General stacks | 22/03/2026 | 220.9/505 20 | BC0011128 | 22/03/2026 | 22/03/2026 | Books |